000 00294nam a22001337a 4500
008 211021b ||||| |||| 00| 0 eng d
041 _aeng
080 _28th
_a610.73
082 _a610.73
100 _a2
101 _aINF
245 _aFundamentals of Nursing
_cPotter,P.A
942 _2udc
_cBK
999 _c58313
_d58313